| 000 | 00661cam a2200265 4500 | ||
|---|---|---|---|
| 008 | 090401t1995 xxu||||| |||| 00| 0 eng d | ||
| 020 | _a0712108637 | ||
| 035 | _a(Sirsi) u52375 | ||
| 041 | _aeng | ||
| 050 | _a346.410434 | ||
| 100 | _aMale, J.M. | ||
| 245 | _aLandlord and tenant | ||
| 250 | _a4th ed. | ||
| 260 |
_aLondon _bPitman Publishing _c1995 |
||
| 300 | _axv,480p. ; 22cm. | ||
| 350 | _a14.99 | ||
| 490 | _aM and E Handbooks | ||
| 520 | _aWith contributions by J. Cotter. | ||
| 650 | _aCOTTER J | ||
| 650 | _aLANDLORD AND TENANT LAW | ||
| 650 | _aLAW | ||
| 690 | _aPROPERTY-LANDLORD AND TENANT | ||
| 942 | _n0 | ||
| 948 | _c04/03/1997 | ||
| 999 |
_c93048 _d93048 |
||